书目信息 |
| 题名: |
Linux指令一周通
|
|
| 作者: | 石永峰 , 宋磊 , 王静文 编著 | |
| 分册: | ||
| 出版信息: | 北京 人民邮电出版社 2009.10 |
|
| 页数: | 492页 | |
| 开本: | 21cm | |
| 丛书名: | 技术图书大系 | |
| 单 册: | ||
| 中图分类: | TP316.89 | |
| 科图分类: | ||
| 主题词: | Linux操作系统--Linux Cao Zuo Xi Tong | |
| 电子资源: | ||
| ISBN: | 978-7-115-21203-0 | |
| 000 | 01281nam 2200277 450 | |
| 001 | 0011233054 | |
| 005 | 20100601093358.84 | |
| 010 | @a978-7-115-21203-0@dCNY32.00 | |
| 100 | @a20100515d2009 em y0chiy0110 ea | |
| 101 | 0 | @achi |
| 102 | @aCN@b110000 | |
| 105 | @aa z 001yy | |
| 200 | 1 | @aLinux指令一周通@ALinux zhi ling yi zhou tong@f石永峰, 宋磊, 王静文编著@Fshi yong feng,song lei,wang jing wen bian zhu |
| 210 | @a北京@c人民邮电出版社@d2009.10 | |
| 215 | @a492页@c图@d21cm | |
| 225 | 2 | @a技术图书大系@AJi Shu Tu Shu Da Xi |
| 320 | @a有索引 | |
| 330 | @aLinux系统的指令及其用法是学习Linux系统的基础。本书详细地介绍了Linux系统指令的语法、功能、参数说明以及具体的应用范例,在介绍每个指令之后还设置了“动手一试”小栏日,读者可以实际动手实践一下指令的功能。本书共讲解指令343条,列举范例544个。本书将系统指令分为文件操作指令、文件编辑指令、磁盘操作指令、网络通信指令、系统管理指令、系统设置指令及其他常见指令7类,分别对应7天的学习内容,每天内容按照字母顺序进行排序,方便读者查找。 | |
| 410 | 0 | @12001 @a技术图书大系 |
| 606 | 0 | @aLinux操作系统@ALinux Cao Zuo Xi Tong |
| 690 | @aTP316.89@v4 | |
| 701 | 0 | @a石永峰@Ashi yong feng@4编著 |
| 701 | 0 | @a宋磊@Asong lei@4编著 |
| 701 | 0 | @a王静文@Awang jing wen@4编著 |
| 801 | 0 | @aCN@c20100515 |
| 905 | @dTP316.89@eS546@f3 | |
| Linux指令一周通/石永峰, 宋磊, 王静文编著.-北京:人民邮电出版社,2009.10 |
| 492页:图;21cm.-(技术图书大系) |
| ISBN 978-7-115-21203-0:CNY32.00 |
| Linux系统的指令及其用法是学习Linux系统的基础。本书详细地介绍了Linux系统指令的语法、功能、参数说明以及具体的应用范例,在介绍每个指令之后还设置了“动手一试”小栏日,读者可以实际动手实践一下指令的功能。本书共讲解指令343条,列举范例544个。本书将系统指令分为文件操作指令、文件编辑指令、磁盘操作指令、网络通信指令、系统管理指令、系统设置指令及其他常见指令7类,分别对应7天的学习内容,每天内容按照字母顺序进行排序,方便读者查找。 |
| ● |
| 相关链接 |
|
|
|
正题名:Linux指令一周通
索取号:TP316.89/S546
 
预约/预借
| 序号 | 登录号 | 条形码 | 馆藏地/架位号 | 状态 | 备注 |